MDQL
is popping MORE tags! Check the
thread
!
Quizzes
Events
Quiz Creation
Community
Videos
Private Events
Remove Ads
Sign In
Join for FREE
Feedback
Dark Mode
Quiz Categories
Sports
Geography
Music
Movies
Television
Just For Fun
Miscellaneous
History
Literature
Language
Science
Gaming
Entertainment
Religion
Holiday
For Kids
Quiz Lab
Recent
Popular Today
Quiz Kudos Today
Editor Picks
Curator Picks
Quizzes by...
Day
Popularity
Type
Ratings
Length
Year
Community
Subscriptions
Recent Discussions
Orange Saloon
Badges
Playlists
Quests
Create
Leaderboards
Showdown
Live 5
Trivia Bingo
Activity
Puzzle Library
Sporcle Events
Private Events
Virtual Trivia
Globe League
Become a Host
Pub Owners
SporcleCon
Opinionation
Our Games
Videos
Blog
Mobile Apps
Partnerships
Remove Ads and Go Orange
Feedback
Just For Fun
Clickable
Get the Picture
Humor
Quick Pick
Word Ladder
Missing Word
Mixed Word
Blitz
Minefield
This or That
Alphabet
Color
Typing
Sporcle
Puzzle
Word Play
Follow That Line
Logic
Just For Fun
Clickable
Get the Picture
Humor
Quick Pick
Word Ladder
Missing Word
Mixed Word
Blitz
Minefield
This or That
Alphabet
Color
Typing
Sporcle
Puzzle
Word Play
Follow That Line
Logic
Random Quiz
Search Sporcle
×
Quiz Lab
Quiz Lab
Just For Fun
test
Type in answers that appear in a list
Type in answers that appear in a list
Classic
Best Score? Go Orange.
Test your knowledge Stats
Can you name the test your knowledge
By
Eleanor007
10m
20 Questions
22 Plays
22 Plays
22 Plays
Comments
Comments
Give Quiz Kudos
Give Quiz Kudos
-
- Ratings
hide this ad
Replay
Link that replays current quiz
Next Quiz
Link to next quiz in quiz playlist
You Got
0%
They Got
Avg Score
41%
Avg Friend Score
Upgrade to see
Score Distribution
Jump to the score distribution portion of the page
Score
0/20
Timer
10:00
0
Plays Today
Hint
Answer
% Correct
what is the national emblem of canada?
a maple leaf
100%
what is the capital of india?
new delhi
81.8%
Sake is a Japanese alcoholic drink made from fermented what?
rice
68.2%
In the Flintstones, what decoration does the baby Pebbles wear in her hair?
a bone
63.6%
Name the king who failed to keep and eye on things at the battle of hastings?
Harold
59.1%
what year did dr who first appear?
1963
59.1%
how many dr whos have there been?
12
59.1%
Matt Groening found fame with ‘The Simpsons’ – but which other animated television series did he create?
Futurama
59.1%
what are the thunderbirds?
puppets
45.5%
what is laverbread made from?
seaweed
40.9%
Hint
Answer
% Correct
In which country is ‘Illy’ coffee produced?
italy
36.4%
what is the name of the cafe in corrination street?
roy's rolls
27.3%
In ‘The Simpsons’, what is Montgomery Burns’s snivelling personal assistant called?
Waylon Smithers
22.7%
In 2008, Kate Winslet finally won an Oscar for best actress; for which film?
The Reader
22.7%
Mammy Two Shoes’ was a character whose head was only once seen on screen – which two characters did she tend to have to clear up after?
tom and jerry
22.7%
Which actor plays the ‘Cat’ in Red Dwarf
Danny John-Jules
18.2%
what is the scariest floor?
floor 13
18.2%
what is a googlepex?
a large number
18.2%
FFC stand for what?
Film Finance Corporation
0%
How is the French snack ‘Croque-
Monsieur’ different from a ‘Croque-
Madame’?
A croque-madame is topped with an egg
0%
Quiz Playlist
Details
Report
Send in Message
Add To Playlist
Classic:
Type in answers that appear in a list
Last Updated: Feb 16, 2017
Quiz Scoreboard
CHALLENGE
Sign Up to Join the Scoreboard
Show All
Scores
Hide
Comments
May contain spoilers
Recently Published
Colored Red Africa Blitz
by spor1
Geography
30s
Find the 'City' Movie
by crazypaving
Movies
60s
5x2 Blitz: Bands
by SL_Kpop136
Music
30s
More to Explore
Quiz From the Vault
Featured Blog Post
14 Easter Pick-up Lines to Find Eggs With
hide this ad
You Might Also Like...
Tags
test
Today's Top Quizzes in Just For Fun
Browse Just For Fun
hide this ad
Today's Top Quizzes in test
Browse test
Top Contributed Quizzes in Just For Fun
1
Name Just One - 10 to 1: Just For Fun
2
Avatar the Last Airbender: Logic Puzzle
3
Missing Word: 2-Letter A-Z II
4
Missing Letter Whitney Houston Songs
5
It's Magic / Witchcraft 🎩🪄🧙♀️
6
Survivor Winners Logic Puzzle
7
Missing Word: 'Of' Things A-Z
8
01-36 Logic Puzzle I
9
Quick 5-Color Logic (18)
10
Shadowhunters Protagonists Logic Quiz
Explore More
Trending Topics
Anime
NBA
Harry Potter
Kpop
Disney
Marvel
Crossword
Country
Song
Puzzle
Pokémon
WWE
NFL
Soccer
The Office
hide this ad
More By:
Eleanor007
Quiz
Plays
Rating
Category
Featured
Created
name all movies anna kendrick has been in ?
359
2.00
Movies
Aug 3, 2015
test your knowledge
22
1.00
Just For Fun
Aug 24, 2014
Go to Creator's Profile
Score Distribution
Quiz Creator Spotlight
Eleanor007
Follow
Send a Message
Quizzes Created
-
Created Quiz Play Count
-
More By This Creator
Popular Quizzes Today
1
Colored Red Africa Blitz
2
Find the US States - No Outlines Minefield
3
Find the 'City' Movie
4
5x2 Blitz: Bands
5
The Countries of the World
6
Find the US States
7
Find the Countries of Europe - No Outlines Minefield
8
US States
More Just For Fun Quizzes
Word Ladder: Sporcle-Centric
Published
Trending Quizzes
Colored Red Europe Blitz I
Colored Red Europe Blitz II
Colored Red Africa Blitz II
Colored Red Europe Blitz III
Colored Red Africa Blitz III
Recently Updated
How Do You Spell That?
pecheneg
Godzilla Movies
pecheneg
Grab Bag: 4-10 Letters
pecheneg
2024 March Madness Bracket
pecheneg
Famous TV Couples
Peacemaker
Champions League XIs: Real Madrid
pecheneg
Largest US Cities 1790-2010
pecheneg
Rides in Walt Disney World
pecheneg
Most Oscar Losses (Acting)
pecheneg
Beyoncé Albums
pecheneg
Trending Topics
Crossword
Anime
Disney
NBA
Marvel
Kpop
Harry Potter
Song
Country
NFL
WWE
Pokémon
Puzzle
The Office
Soccer
Your Account Isn't Verified!
In order to create a playlist on Sporcle, you need to verify the email address you used during registration. Go to your
Sporcle Settings
to finish the process.
Report this User
Report this user for behavior that violates our
Community Guidelines
.
Details:
Send Report
Go to the Sporcle.com Mobile Site →
Comments